Name The Flags 2 - Statistics

General Stats
  • This quiz has been taken 20 times
  • The average score is 11 of 15
Answer Stats
Picture Answer % Correct
Spain
100%
Bahrain
91%
Belarus
91%
Bhutan
91%
Turkmenistan
91%
Mozambique
82%
San marino
82%
Sri Lanka
82%
Palau
73%
Comoros
64%
Kiribati
64%
Sudan
64%
Tonga
64%
Bolivia
55%
Guinea Bissau
55%
No matching quizzes found
Score Distribution
Percent of People with Each Score
Percentile by Number Answered
Your Score History
You have not taken this quiz